Bilecik Bilecik Bilecik Bilecik Bilecik

Aynadaki boşluk/ (Record no. 9417)

MARC details
000 -BAŞLIK
Sabit Uzunluktaki Kontrol Alanı 01601nam a22003257a 4500
001 - KONTROL NUMARASI
Control Dosyası 0009445
003 - KONTROL NUMARASI KİMLİĞİ
Kontrol Alanı KOHA_MİRAKIL
005 - EN SON İŞLEM TARİHİ ve ZAMANI
Kontrol Alanı 20260207001709.0
007 - FİZİKSEL TANIM SABİT ALAN - GENEL BİLGİ
Sabit uzunluklu kontrol alanı ta
008 - SABİT UZUNLUKTAKİ VERİ ÖGELERİ - GENEL BİLGİ
Sabit Alan 101026b1995 tu |||gr||||#0|||1|tur |
020 ## - ISBN - ULUSLARARASI STANDART KİTAP NUMARASI
Isbn 9754371636
040 ## - KATALOGLAMA KAYNAĞI
Özgün Kataloglama Kurumu TR-BiSEU
Kataloglama Dili tur
Çeviri Kurumu TR-BiSEU
Açıklama Kuralları rda
041 0# - DİL KODU
Metin ya da ses kaydının dil kodu tur
044 ## - YAYINLAYAN/ÜRETEN KURULUŞUN ÜLKE KODU
ISO country code tu
050 ## - SINIFLAMA ve YER NUMARASI
Sınıflama Numarası PL248.B84
Yer Numarası A96 1995
100 1# - KİŞİ ADI
Yazar Adı (Kişi adı) Buğra, Hatice Bilen.
245 1# - ESER ADI BİLDİRİMİ
Başlık Aynadaki boşluk/
Sorumluluk Bildirimi Hatice Bilen Buğra ; Hatice Bilen Buğra.
264 #1 - ÜRERİM, YAYIN, DAĞITIM ve TELİF BİLDİRİMİ
Yayın yeri İstanbul :
Yayınlayan Ötüken Neşriyat
Yayın tarihi 1995
300 ## - FİZİKSEL TANIMLAMA
Sayfa, Cilt vb. 224 sayfa; 21 cm.
336 ## - İÇERİK TÜRÜ
Content type term metin
Content type code txt
Source rdacontent
337 ## - MEDYA TÜRÜ
Media type term aracısız
Media type code n
Source rdamedia
338 ## - TAŞIYICI TÜRÜ
Carrier type term cilt
Carrier type code nc
Source rdacarrier
490 1# - DİZİ BİLDİRİMİ
Dizi Bildirimi Ötüken yayınları Yayin Nu : 309 ;
Cilt Numarası Edebi Eserler : 159.
505 ## - İÇİNDEKİLER NOTU
İçindekiler Notu Yazarın yayınevimizce yayınlanan tek romanıdır. "Daha bir dikkatle baktı aynaya... Bir köşesinde annesinin ince hayali teessürle ağlıyor, öteki köşesinde Semih'in genç yüzü bozgun ifadesiyle soluyordu. Ev içinin sessizliği aynada derinleşiyor, koyulaşıyor, gölgeler halinde akıyordu. Bu sessizlikte bu gölgelerden ruhuna sinen hüzünle aynadaki boşluk büyüyor, ona her şeyin nafile olduğunu derinden derine duyuruyordu." "Yeniden baktı aynaya: Geçmişinin aynasıydı bu; istikbali yansıtmıyordu. İstikbal karanlıktı. Onu karartan da üzerine düşen bir gölgeydi."
650 #0 - KONU BAŞLIĞI EK GİRİŞ - KONU TERİMİ
Konusal terim veya coğrafi ad Türk edebiyatı--roman.
9 (RLIN) 7421
650 #0 - KONU BAŞLIĞI EK GİRİŞ - KONU TERİMİ
Konusal terim veya coğrafi ad Turkish literature--the novel.
9 (RLIN) 23397
830 1# - SERİ EK GİRİŞİ - TEKBİÇİM ESER ADI
Tekbiçim Başlık Ötüken yayınları Yayin Nu : 309 ;
Volume number/sequential designation Edebi Eserler : 159.
9 (RLIN) 23398
907 ## - LOCAL DATA ELEMENT G, LDG (RLIN)
a Roman
942 ## - EK GİRİŞ ÖGELERİ (KOHA)
Source of classification or shelving scheme Library of Congress Classification
Koha item type Book
505 ## - İÇİNDEKİLER NOTU
--
Holdings
Materyal Türü Kalıcı Konum Mevcut Konum Raf Yeri Sınıflandırma Kaynağı Edinim Bilgisi Ana Konular Alt Konular Yer Numarası Demirbaş Numarası Fatura Tarihi Maliyet, Alış Fiyatı Maliyet, Yenileme Fiyatı Geri Çekilme Durumu Kayıp Durumu Hasarlı Durumu Kredi için değil Kayıt Tarih Toplam Ödünçverme Son Görülme Tarihi Son Kontrol Tarihi Genel / Bağış Notu
Book BŞEÜ Pazaryeri MYO Kütüphanesi BŞEÜ Pazaryeri MYO Kütüphanesi   Library of Congress Classification Bağış DİL VE EDEBİYAT Doğu Asya, Afrika, Okyanusya Dilleri ve Edebiyatları PL248 .B84 1995 0023364 02/02/2026 3.50 3.50         26/10/2010   05/12/2024 05/12/2024 Genel Bağış
Book Prof. Dr. Azmi Özcan Kütüphanesi Prof. Dr. Azmi Özcan Kütüphanesi Birûni Salonu Library of Congress Classification Bağış DİL VE EDEBİYAT Doğu Asya, Afrika, Okyanusya Dilleri ve Edebiyatları PL248.B84 A96 1995 0009445 13/08/2010 3.50 3.50         20/10/2009 3 05/12/2024 05/12/2024 Ötüken Yayınevi